Top 10 European Generals of All Time - Statistics

General Stats
  • This quiz has been taken 27 times
  • The average score is 5 of 10
Answer Stats
Place Answer % Correct
1 Napoleon Bonaparte
100%
2 Alexander the Great
83%
9 Erwin Rommel
75%
3 Julius Caesar
75%
4 Arthur Wellesley
67%
8 Georgy Zhukov
54%
6 Frederick the Great
33%
5 Hannibal Barca
29%
7 Attila the Hun
17%
10 Jan Žižka
4%
No matching quizzes found
Score Distribution
Percent of People with Each Score
Percentile by Number Answered
Your Score History
You have not taken this quiz